| 000 | 00636nam a2200205Ia 4500 | ||
|---|---|---|---|
| 003 | GCL | ||
| 008 | 140319s9999 xx 000 0 ara d | ||
| 040 |
_aGCL / _cGCL |
||
| 082 | 0 | 4 |
_aم _b925 _bا ط |
| 100 | 1 | _aفؤاد سيد | |
| 245 | 1 | 0 |
_aطبقات الأطباء والحكماء / _cفؤاد سيد |
| 700 | 1 | _aالاندلسى، ابوداود سليمان بن | |
| 260 |
_a[S.N] : _bالمعهد العلمى الفرنسى ، _c1955 |
||
| 300 | _a138 ص | ||
| 490 |
_aشكاوى المصرى الفصيح _v0 |
||
| 650 | 0 | 4 | _aالتراجم |
| 650 | 0 | 4 | _aالاطباء |
| 650 | 0 | 4 | _aالحكماء |
| 942 |
_2ddc _cREF |
||
| 999 |
_c59401 _d59401 |
||